Régions françaises par image - Statistiques

Statistiques générales
  • Ce quiz a été pris 3 310 fois
    3 241 depuis la dernière actualisation
  • Le résultat moyen est 13 sur 18
Statistiques - réponses
Par images Réponse % Correct
Normandie
88%
Provence-Alpes-Côte d'Azur
87%
Bretagne
86%
Île-de-France
86%
Guadeloupe
83%
Grand Est
81%
Nouvelle-Aquitaine
79%
Guyane
77%
Centre-Val de Loire
72%
Occitanie
72%
Auvergne-Rhône-Alpes
71%
Hauts-de-France
71%
Corse
68%
Martinique
64%
Pays de la Loire
62%
Bourgogne-Franche-Comté
51%
La Réunion
51%
Mayotte
50%
Aucun quiz correspondant
Distribution des résultats
% des personnes avec chaque résultat
Percentile par nombre de réponses
Votre historique - résultats
Vous n’avez pas pris ce quiz depuis la dernière actualisation